Eucharist & ministry

Saved in:  
Bibliographic Details
Contributors: Empie, Paul C. (Other) ; Murphy, Thomas Austin 1911- (Other)
Format: Print Book
Language:English
Subito Delivery Service: Order now.
Check availability: HBZ Gateway
WorldCat: WorldCat
Interlibrary Loan:Interlibrary Loan for the Fachinformationsdienste (Specialized Information Services in Germany)
Published: Minneapolis Augsburg Pub. House 1979
In: Lutherans and catholics in dialogue (4)
Year: 1979
Series/Journal:Lutherans and catholics in dialogue 4
Further subjects:B Catholic Church Relations Lutheran Church
B Lutheran Church Relations Catholic Church
B Lord's Supper
B Pastoral Theology

MARC

LEADER 00000cam a2200000 c 4500
001 38842754X
003 DE-627
005 20251223203545.0
007 tu
008 040608s1979 xxu||||| 00| ||eng c
020 |a 0806617810  |c  : $4.95  |9 0-8066-1781-0 
035 |a (DE-627)38842754X 
035 |a (DE-599)GBV38842754X 
035 |a (OCoLC)834571388 
040 |a DE-627  |b ger  |c DE-627  |e rakwb 
041 |a eng 
044 |c XD-US 
050 0 |a BV4011 
082 0 |a 262/.1  |q LOC 
084 |a 1  |2 ssgn 
245 0 0 |a Eucharist & ministry  |c edited by Paul C. Empie and T. Austin Murphy 
264 1 |a Minneapolis  |b Augsburg Pub. House  |c 1979 
300 |a 326 p  |c 20 cm 
336 |a Text  |b txt  |2 rdacontent 
337 |a ohne Hilfsmittel zu benutzen  |b n  |2 rdamedia 
338 |a Band  |b nc  |2 rdacarrier 
490 1 |a Lutherans and Catholics in dialogue  |v 4 
500 |a Includes bibliographical references 
601 |a Eucharistie 
610 1 0 |a Catholic Church  |x Relations  |x Lutheran Church 
650 0 |a Lord's Supper 
650 0 |a Lutheran Church  |x Relations  |x Catholic Church 
650 0 |a Pastoral Theology 
700 1 |a Empie, Paul C.  |4 oth 
700 1 |a Murphy, Thomas Austin  |d 1911-  |4 oth 
830 0 |a Lutherans and catholics in dialogue  |v 4  |9 400  |w (DE-627)168449668  |w (DE-576)9168449666  |w (DE-600)752513-8  |7 am 
951 |a BO 
ELC |b 1 
ORI |a SA-MARC-ixtheo_oa001.raw